000 00220nam a2200097Ia 4500
005 20251222114410.0
008 251222s1900||||xx |||||||||||||| ||spa||
082 _aDVD0060/P75/1996
245 0 _aSabrina:Sabrina
942 _cDVD
999 _c2004
_d2004